50 Countries With The Most Landmarks - Statistics

General Stats
  • This quiz has been taken 123 times
  • The average score is 34 of 50
Answer Stats
Landmarks Country % Correct
2 United States
95%
1 China
87%
3 France
86%
9 United Kingdom
85%
13 Italy
84%
7 Canada
83%
4 India
83%
10 Russia
82%
11 Spain
80%
5 Brazil
79%
15 Germany
79%
8 Mexico
79%
12 Australia
78%
14 Thailand
77%
17 Indonesia
76%
6 Japan
76%
29 Peru
76%
30 Egypt
75%
19 Argentina
74%
21 Iran
74%
36 South Africa
74%
37 Greece
73%
26 Poland
73%
24 South Korea
72%
16 Colombia
71%
39 Iraq
70%
22 Portugal
70%
31 Vietnam
70%
44 Morocco
69%
32 Pakistan
69%
23 Turkey
69%
25 Malaysia
66%
27 Saudi Arabia
66%
35 New Zealand
65%
33 Venezuela
65%
34 Ukraine
63%
18 Philippines
62%
49 Bolivia
61%
38 Ireland
61%
41 Myanmar
59%
43 Cuba
56%
20 DR Congo
55%
47 Bangladesh
53%
40 Ecuador
53%
50 Paraguay
50%
46 Uruguay
49%
45 Afghanistan
48%
28 Ethiopia
48%
42 Croatia
42%
48 Lithuania
21%
No matching quizzes found
Score Distribution
Percent of People with Each Score
Percentile by Number Answered
Your Score History
You have not taken this quiz